000 01134nam a2200253 i 4500
001 89055
003 ES-MaACL
005 20250802063110.0
007 t|
008 050126s2004 sp ||||1| spa d
020 _a84-8433-874-6
080 _a821.134.2-31"19"
100 1 _aTorres, Rafael,
_d1955-
_9176043
245 1 4 _aLos náufragos del Stanbrook /
_cRafael Torres.
250 _a1ª ed.
260 _aSevilla :
_bAlgaida,
_c2004.
300 _a250 p. ;
_c24 cm.
586 _aXXXVI Premio de novela Ateneo de Sevilla
594 _a28 de marzo de 1939 las operaciones bélicas finalizan en España, con la victoria del ejército rebelde de Franco. Miles de personas aguardan los barcos prometidos... pasan los días, y sólo el Stanbrook, un viejo carbonero inglés, comandado por el capitán Dickson, acude en auxilio de los vencidos, burlando el bloqueo de la escuadra franquista, los submarinos de Mussolini y la aviación nazi
610 2 4 _aStanbrook (Barco)
_9174164
651 4 _aEspaña-
_xHistoria-
_y1936-1939, Guerra civil-
_vNovelas.
_98310
852 4 _aES-MaACL
_jL-28686
999 _c89055
_d89055